Datum a čas kvízu
32
Celkem bodů
Celkový počet nahraných bodů na tomto kvízu bez doplňovacích otázek.
14.
Pořadí na kvízu
Konečné umístění týmu na tomto kvízu.
Zaznamenané odpovědi
| # | Otázka | Odpověď | Body | Výsledky |
|---|---|---|---|---|
| 1. | Která sedmipodlažní budova obc... | Kotva | 1 | |
| 2. | K bezprecedentnímu kroku se od... | už nenabízí alkohol | 1 | |
| 3. | Která poměrně mladá zpěvačka z... | Billie Eilish | 1 | |
| 4. | V pondělí byl slavnostně otevř... | v Otrokovicích | 0 | |
| 5. | Který sportovec, muž narozený... | Ladislav Krejčí | 0 | |
| 6. | Ve třetím díle cestovatelského... | Jeseník | 1 | |
| 7. | Stále větší oblibě cestovatelů... | portugalština | 0 | |
| 8. | Ve kterém americkém městě může... | v Los Angeles | 1 | |
| 9. | S písmenem M se vracíme do Čes... | v Moravském Krumlově | 0 | |
| 10. | Ve kterém století byl vybudová... | v 19. století | 0 |